01077cam a22002891 4500001001300000003000400013005001700017008004100034010002300075025001900098041001300117050002800130082001200158100002100170245008600191260005200277300002900329490010400358501010300462500003400565504003000599650002000629650002000649700004000669830006100709999001700770sa 68004861 DLC20260227112504.0711216s1966 ii a b 00010 eng  asa 68004861 //r852 aPL480:I-F-Fr-10 aengbfre0 aQ2b.I485 t. 5, fasc. 3 a583/.4410aThanikaimoni, G.10aPollen morphology of Sonneratiaceaec[by] G. Thanikaimoni and D. M. A. Jayaweera.0 aPondichéry,bImprimerie de la Mission,c1966. a12, 4 p.billus.c25 cm.1 aInstitut français de Pondichéry. Travaux de la section scientifique et technique, t. 5, fasc. 3 aBound with the author's Contribution à l'étude palynologique des palmiers. Pondichéry, 1966. a"Avec résumé français." aBibliography: p. [11]-12. 0aSonneratiaceae. 0aPolynotaxonomy.10aJayaweera, D. M. A.,ejoint author. 0aTravaux de la Section scientifique et technique ;vt. 5. c80401d80401